True or False: Cities of the World - Statistics

General Stats
  • This quiz has been taken 18 times
  • The average score is 36 of 55
Answer Stats
Hint Answer % Correct
Nicosia, Cyprus Yes
100%
Cayenne, France Yes
92%
Kandahar, Pakistan Afghanistan
85%
Neuquén, Argentina Yes
85%
Mobile, USA Yes
85%
Verona, Italy Yes
85%
Volgograd, Russia Yes
85%
Gdańsk, Poland Yes
85%
Libreville, Gabon Yes
85%
Abeche, Chad Yes
85%
Cuiaba, Brazil Yes
85%
Lucknow, India Yes
85%
Darwin, New Zealands Australia
77%
Des Moines, France United States of America
77%
Cluj-Napoca, Romania Yes
77%
Yamoussoukro, Côte d’Ivoire Yes
77%
Sendai, Japan Yes
77%
Pamplona, Spain Yes
77%
Hat Yai, Thailand Yes
77%
Cochabamba, Bolivia Yes
77%
Davos, Switzerland Yes
77%
Koror, Palau Yes
77%
Guayaquil, Ecuador Yes
77%
Colima, Mexico Yes
77%
Tashkent, Uzbekistan Yes
77%
Nuuk, Denmark Yes
77%
Denpasar, Malaysia Indonesia
69%
Iqaluit, Canada Yes
69%
Evora, Portugal Yes
69%
Casablanca, Morocco Yes
69%
Aracaju, Brazil Yes
69%
Nassau, Bahamas Yes
69%
Ganja, Azerbaijan Yes
69%
Varna, Bulgaria Yes
69%
Mombasa, Kenya Yes
69%
Chittagong, Bangladesh Yes
69%
Utrecht, Netherlands Yes
69%
Lae, Papua New Guinea Yes
69%
Lhasa, Kazahkstan China
62%
Arequipa, Chile Peru
54%
Kaluga, Ukraine Russia
54%
Colombo, Ethiopia Sri Lanka
54%
Livingstone, Botswana Zambia
54%
Luang Prabang, Malaysia Laos
46%
Sundsvall, Finland Sweden
46%
Launceston, USA Australia
38%
Ajaccio, Italy France
38%
Daugavpils, Lithuania Latvia
38%
Gwanju, China South Korea
38%
Edirne, Syria Turkey
38%
Lubumbashi, Japan Democratic Republic of the Congo
31%
Port Vila, Cuba Vanuatu
31%
Tamanrasset, Somalia Algeria
15%
Walvis Bay, Australia Namibia
15%
Zamboanga, Mozambique Philippines
0%
No matching quizzes found
Score Distribution
Percent of People with Each Score
Percentile by Number Answered
Your Score History
You have not taken this quiz